000 00791nab a2200241 u 4500
001 18106
003 HDC
007 cr bn ---aaaaa
008 210225c20100714xx dr|noo 0 a eng d
040 _aHDC
245 0 _aMUI to hold the first Indonesia Halal Expo
260 _a[No place] :
_b[publisher not identified],
_c2010
336 _atext
_2rdacontent
337 _acomputer
_2rdamedia
338 _aonline resource
_2rdacarrier
650 _aFood Expo 2010 (IHBF Expo)
_917141
650 _ahalal exhibition
_910527
710 _aHalal Focus
856 _zRequest full-text at [email protected]
942 _2lcc
942 _cNEWS
942 _kNWSO 006022
999 _c15422
_d15422